<?xml version="1.0" encoding="UTF-8"?>
<record
    xmlns:xsi="http://www.w3.org/2001/XMLSchema-instance"
    xsi:schemaLocation="http://www.loc.gov/MARC21/slim http://www.loc.gov/standards/marcxml/schema/MARC21slim.xsd"
    xmlns="http://www.loc.gov/MARC21/slim">

  <leader>01825ctm a22002891i 4500</leader>
  <controlfield tag="003">SA-RiAUC</controlfield>
  <controlfield tag="005">20260211141039.0</controlfield>
  <controlfield tag="008">260128s1872    xx     g      000 0 ara c</controlfield>
  <datafield tag="040" ind1=" " ind2=" ">
    <subfield code="a">SA-JeALM</subfield>
    <subfield code="b">ara</subfield>
    <subfield code="c">SA-RiAUC</subfield>
    <subfield code="e">rda</subfield>
  </datafield>
  <datafield tag="082" ind1="0" ind2="4">
    <subfield code="a">212.9</subfield>
  </datafield>
  <datafield tag="090" ind1=" " ind2=" ">
    <subfield code="a">&#x645; &#x646; 212.9</subfield>
    <subfield code="b">&#x635; &#x62F; &#x64A;</subfield>
  </datafield>
  <datafield tag="100" ind1="1" ind2=" ">
    <subfield code="a">&#x627;&#x644;&#x635;&#x62F;&#x64A;&#x642;&#x64A;&#x60C; &#x627;&#x628;&#x64A; &#x627;&#x644;&#x62D;&#x633;&#x646;&#x60C;</subfield>
    <subfield code="e">&#x645;&#x624;&#x644;&#x641;.</subfield>
  </datafield>
  <datafield tag="245" ind1="1" ind2="0">
    <subfield code="a">&#x641;&#x636;&#x644; &#x644;&#x64A;&#x644;&#x629; &#x627;&#x644;&#x646;&#x635;&#x641; &#x645;&#x646; &#x634;&#x639;&#x628;&#x627;&#x646; /</subfield>
    <subfield code="c">&#x627;&#x628;&#x64A; &#x627;&#x644;&#x62D;&#x633;&#x646; &#x627;&#x644;&#x635;&#x62F;&#x64A;&#x642;&#x64A;.</subfield>
  </datafield>
  <datafield tag="246" ind1="3" ind2="0">
    <subfield code="a">&#x627;&#x644;&#x646;&#x635;&#x641; &#x645;&#x646; &#x634;&#x639;&#x628;&#x627;&#x646;</subfield>
  </datafield>
  <datafield tag="264" ind1=" " ind2="0">
    <subfield code="a">&#x645;&#x643;&#x629; &#x627;&#x644;&#x645;&#x643;&#x631;&#x645;&#x629; :</subfield>
    <subfield code="b">&#x645;&#x637;&#x628;&#x639;&#x629; &#x627;&#x644;&#x62A;&#x631;&#x642;&#x649; &#x627;&#x644;&#x645;&#x627;&#x62C;&#x62F;&#x64A;&#x629; &#x627;&#x644;&#x639;&#x62B;&#x645;&#x627;&#x646;&#x64A;&#x629; </subfield>
    <subfield code="c">[1913]</subfield>
  </datafield>
  <datafield tag="300" ind1=" " ind2=" ">
    <subfield code="a">61 &#x635;&#x641;&#x62D;&#x629;&#x61B;</subfield>
    <subfield code="c">29 &#x633;&#x645;.</subfield>
  </datafield>
  <datafield tag="336" ind1=" " ind2=" ">
    <subfield code="a">&#x646;&#x635;</subfield>
    <subfield code="b">txt</subfield>
    <subfield code="2">rdacontent</subfield>
    <subfield code="3">&#x645;&#x62E;&#x637;&#x648;&#x637;&#x629;</subfield>
  </datafield>
  <datafield tag="337" ind1=" " ind2=" ">
    <subfield code="a">&#x628;&#x62F;&#x648;&#x646; &#x648;&#x633;&#x64A;&#x637;</subfield>
    <subfield code="b">n</subfield>
    <subfield code="2">rdamedia</subfield>
  </datafield>
  <datafield tag="338" ind1=" " ind2=" ">
    <subfield code="a">&#x645;&#x62C;&#x644;&#x62F;</subfield>
    <subfield code="b">nc</subfield>
    <subfield code="2">rdacarrier</subfield>
  </datafield>
  <datafield tag="500" ind1=" " ind2=" ">
    <subfield code="a">&#x623;&#x648;&#x644;&#x647; : &#x627;&#x644;&#x62D;&#x645;&#x62F; &#x644;&#x644;&#x647; &#x627;&#x644;&#x630;&#x64A; &#x634;&#x631;&#x641; &#x634;&#x639;&#x628;&#x627;&#x646; &#x628;&#x644;&#x64A;&#x644;&#x629; &#x646;&#x635;&#x641;&#x647; &#x627;&#x644;&#x641;&#x627;&#x636;&#x644;&#x629; &#x648;&#x642;&#x62F;&#x631; &#x641;&#x64A;&#x647;&#x627; &#x627;&#x644;&#x623;&#x631;&#x632;&#x627;&#x642; &#x648;&#x627;&#x644;&#x622;&#x62C;&#x627;&#x644; &#x627;&#x644;&#x632;&#x627;&#x64A;&#x644;&#x629; &#x641;&#x647;&#x64A; &#x627;&#x644;&#x644;&#x64A;&#x644;&#x629; &#x627;&#x644;&#x645;&#x628;&#x627;&#x631;&#x643;&#x629; &#x639;&#x644;&#x649; &#x642;&#x648;&#x644; &#x628;&#x639;&#x636; &#x627;&#x644;&#x639;&#x644;&#x645;&#x627;&#x621; &#x630;&#x648;&#x64A; &#x627;&#x644;&#x646;&#x641;&#x648;&#x633; &#x627;&#x644;&#x643;&#x627;&#x645;&#x644;&#x629;.</subfield>
  </datafield>
  <datafield tag="500" ind1=" " ind2=" ">
    <subfield code="a">&#x622;&#x62E;&#x631;&#x647; : &#x639;&#x644;&#x649; &#x64A;&#x62F; &#x643;&#x627;&#x62A;&#x628;&#x647;&#x627; &#x627;&#x644;&#x639;&#x628;&#x64A;&#x62F; &#x627;&#x644;&#x641;&#x627;&#x646;&#x64A; &#x639;&#x628;&#x62F; &#x627;&#x644;&#x631;&#x62D;&#x645;&#x646; &#x628;&#x646; &#x625;&#x628;&#x631;&#x627;&#x647;&#x64A;&#x645; &#x628;&#x646; &#x62D;&#x633;&#x64A;&#x646; &#x62D;&#x646;&#x648;&#x631; &#x627;&#x644;&#x645;&#x627;&#x644;&#x643;&#x64A; &#x63A;&#x641;&#x631; &#x627;&#x644;&#x644;&#x647; &#x644;&#x647; &#x648;&#x644;&#x648;&#x627;&#x644;&#x62F;&#x64A;&#x647; &#x648;&#x644;&#x645;&#x634;&#x627;&#x64A;&#x62E;&#x647; &#x648;&#x644;&#x644;&#x645;&#x633;&#x644;&#x645;&#x64A;&#x646; &#x623;&#x62C;&#x645;&#x639;&#x64A;&#x646; &#x628;&#x645;&#x646;&#x647; &#x648;&#x643;&#x631;&#x645;&#x647; &#x625;&#x646;&#x647; &#x62C;&#x648;&#x627;&#x62F; &#x643;&#x631;&#x64A;&#x645; &#x631;&#x624;&#x648;&#x641; &#x631;&#x62D;&#x64A;&#x645; &#x648;&#x643;&#x627;&#x646; &#x627;&#x644;&#x641;&#x631;&#x627;&#x63A; &#x645;&#x646; &#x643;&#x62A;&#x627;&#x628;&#x629; &#x647;&#x630;&#x647; &#x627;&#x644;&#x646;&#x633;&#x62E;&#x629; 28 &#x62E;&#x644;&#x62A; &#x645;&#x646; &#x634;&#x647;&#x631; &#x635;&#x641;&#x631; &#x627;&#x644;&#x62E;&#x64A;&#x631; &#x62A;&#x627;&#x631;&#x64A;&#x62E;&#x627; &#x633;&#x646;&#x629; 1289 &#x647;&#x62C;&#x631;&#x64A;.</subfield>
  </datafield>
  <datafield tag="500" ind1=" " ind2=" ">
    <subfield code="a">&#x631;&#x633;&#x627;&#x644;&#x629; &#x641;&#x64A; &#x641;&#x636;&#x644; &#x644;&#x64A;&#x644;&#x629; &#x627;&#x644;&#x646;&#x635;&#x641; &#x645;&#x646; &#x634;&#x639;&#x628;&#x627;&#x646; &#x627;&#x644;&#x645;&#x628;&#x627;&#x631;&#x643;.</subfield>
  </datafield>
  <datafield tag="500" ind1=" " ind2=" ">
    <subfield code="a">&#x646;&#x633;&#x62E;: &#x639;&#x628;&#x62F; &#x627;&#x644;&#x631;&#x62D;&#x645;&#x646; &#x628;&#x646; &#x625;&#x628;&#x631;&#x627;&#x647;&#x64A;&#x645; &#x628;&#x646; &#x62D;&#x633;&#x64A;&#x646; &#x627;&#x644;&#x645;&#x627;&#x644;&#x643;&#x64A;.</subfield>
  </datafield>
  <datafield tag="650" ind1=" " ind2="7">
    <subfield code="a">&#x627;&#x644;&#x623;&#x64A;&#x627;&#x645; (&#x625;&#x633;&#x644;&#x627;&#x645;)</subfield>
    <subfield code="x">&#x641;&#x636;&#x627;&#x626;&#x644;</subfield>
    <subfield code="v">&#x645;&#x62E;&#x637;&#x648;&#x637;&#x627;&#x62A;</subfield>
    <subfield code="2">aucsh</subfield>
  </datafield>
  <datafield tag="942" ind1=" " ind2=" ">
    <subfield code="2">ddc</subfield>
    <subfield code="c">RBOOK COPY</subfield>
    <subfield code="n">0</subfield>
  </datafield>
  <datafield tag="949" ind1=" " ind2=" ">
    <subfield code="a">SA-JeALM</subfield>
    <subfield code="d">260128</subfield>
    <subfield code="u">mohamedma123</subfield>
    <subfield code="n">1</subfield>
  </datafield>
  <datafield tag="952" ind1=" " ind2=" ">
    <subfield code="0">0</subfield>
    <subfield code="1">0</subfield>
    <subfield code="2">ddc</subfield>
    <subfield code="4">0</subfield>
    <subfield code="7">0</subfield>
    <subfield code="a">WAHAB</subfield>
    <subfield code="b">WAHAB</subfield>
    <subfield code="d">2026-02-11</subfield>
    <subfield code="l">0</subfield>
    <subfield code="o">&#x645; &#x646; 212.9  &#x635; &#x62F; &#x64A;</subfield>
    <subfield code="p">000022732</subfield>
    <subfield code="r">2026-02-11 14:11:20</subfield>
    <subfield code="w">2026-02-11</subfield>
    <subfield code="y">BOOK</subfield>
  </datafield>
  <datafield tag="999" ind1=" " ind2=" ">
    <subfield code="c">14321</subfield>
    <subfield code="d">14321</subfield>
  </datafield>
</record>
